Macroeconomics / (Record no. 97894)

MARC details
000 -LEADER
fixed length control field 00759nam a22002537a 4500
005 - DATE AND TIME OF LATEST TRANSACTION
control field 20180102143847.0
010 ## - LCCN (DPL NO)
LC control number ENG-114369
020 ## - INTERNATIONAL STANDARD BOOK NUMBER
International Standard Book Number 9789339221188
Terms of availability 699.00
020 ## - INTERNATIONAL STANDARD BOOK NUMBER
International Standard Book Number 933921184
Terms of availability 699.00
035 ## - SYSTEM CONTROL NUMBER
System control number EN-97901
037 ## - SOURCE OF ACQUISITION
Source of stock number/acquisition DBAD/PUB
082 ## - DEWEY DECIMAL CLASSIFICATION NUMBER
Classification number 339
100 ## - MAIN ENTRY--PERSONAL NAME
Personal name Dornbusch, Rudiger
245 ## - TITLE STATEMENT
Title Macroeconomics /
Statement of responsibility, etc bu Rudiger Dornbusch, Stanley Fischer [and] Richard Startz
250 ## - EDITION STATEMENT
Edition statement 11th ed
260 ## - PUBLICATION, DISTRIBUTION, ETC. (IMPRINT)
Place of publication, distribution, etc Noida
Name of publisher, distributor, etc McGraw Hill Education
Date of publication, distribution, etc 2015
270 ## - ADDRESS
Address B-4, Sector-63, Dist. Gautam Budh Nagar
City Noida
Postal code 201301
300 ## - PHYSICAL DESCRIPTION
Extent xix,636p. :
Dimensions 25cm(pbk)
Other physical details ill.
500 ## - GENERAL NOTE
General note Includes index
650 ## - SUBJECT ADDED ENTRY--TOPICAL TERM
Topical term or geographic name as entry element Macroeconomics.
700 ## - ADDED ENTRY--PERSONAL NAME
Personal name Fischer, Stanley
700 ## - ADDED ENTRY--PERSONAL NAME
Personal name Startz, Richard
942 ## - ADDED ENTRY ELEMENTS (KOHA)
Source of classification or shelving scheme Dewey Decimal Classification
Item type English Books
Call number suffix DOR
Classification part 339
Holdings
Withdrawn status Lost status Not for loan Collection code Home library Current library Date acquired Source of acquisition Cost, normal purchase price Full call number Barcode Copy number Cost, replacement price Koha item type
    Not For Loan Non-fiction D.B.Act.Division D.B.Act.Division 21/10/2015 DBAD/PUB 699.00 339 DOR EN-97901 1 699.00 English Books

© Delhi Public Library
Hit Counter
free hit counter